| 000 | 01242cab a2200229 4500 | ||
|---|---|---|---|
| 001 | ABS68722 | ||
| 008 | 050221n2005 000 0 eng u | ||
| 035 | _a(Sirsi) u128855 | ||
| 100 | _aRandle, T. | ||
| 245 | 3 | _aAn expensive way to flip a coin | |
| 260 | _c2005 | ||
| 490 |
_aBuilding _v270(8367) 4 February 2005, 50-51(2) |
||
| 520 | _aArgues that for certain construction disputes it is better for adjudication to be bypassed. This is because the process is often time consuming and costly for a result that is only interim and non-binding. This particularly applies to the larger more complex disputes that arguably cannot be resolved by the processes of an adjudication. | ||
| 590 | _aABS | ||
| 650 | _aMANAGEMENT-DISPUTE AVOIDANCE, MANAGEMENT AND RESOLUTION-DISPUTE MANAGEMENT AND RESOLUTION-ALTERNATIVE DISPUTE RESOLUTION-ADJUDICATION | ||
| 650 | _aCONSTRUCTION DISPUTES | ||
| 650 | _aMANAGEMENT-DISPUTE AVOIDANCE, MANAGEMENT AND RESOLUTION-DISPUTE MANAGEMENT AND RESOLUTION-ALTERNATIVE DISPUTE RESOLUTION-ADJUDICATION-ADJUDICATION AWARDS | ||
| 650 | _aCIB PROPERTIES LTD V BIRSE CONSTRUCTION LTD | ||
| 650 | _aMACOB CIVIL ENGINEERING LTD V MORRISON CONSTRUCTION LTD | ||
| 690 |
_aDispute resolution _96236 |
||
| 942 | _n0 | ||
| 999 |
_c74823 _d74823 |
||